Theories of personality

Bibliographic Details
Main Author: Feist, Jess
Other Authors: Feist, Gregory J.
Format: Book
Published: Boston : McGraw-Hill , 2006
Edition:6th.ed.
Subjects:

MARC

LEADER 00000cam a2200000 7i4500
001 0000021502
005 20080515.0
008 071205
020 |a 0071244395 
040 |a INS 
090 0 0 |a BF698   |b F45 2006 
100 1 |a Feist, Jess 
245 1 0 |a Theories of personality   |c Jess Feist, Gregory J.Feist 
250 |a 6th.ed. 
260 |a Boston :   |b McGraw-Hill ,   |c 2006 
300 |a xx, 563p. :   |b ill. ;   |c 23cm. 
650 0 0 |a Personality   |x Textbooks 
700 1 |a Feist, Gregory J. 
999 |a 0000019950   |b BOOK   |c Open Shelf   |e Default branch